[Event "Niederrhein-ch"]
[Site "Solingen"]
[Date "2014.04.14"]
[Round "3"]
[White "Mog, Martin"]
[Black "Ehlers, Fredi"]
[Result "1-0"]
[WhiteElo "2099"]
[BlackElo "1991"]
[PlyCount "45"]
[EventDate "2014.04.12"]
[EventType "swiss"]
[EventRounds "7"]
[EventCountry "GER"]
[SourceTitle "EXT 2016"]
[Source "ChessBase"]
[SourceDate "2015.10.08"]
[SourceVersion "1"]
[SourceVersionDate "2015.10.08"]
[SourceQuality "1"]

1. d4 Nf6 2. c4 g6 3. Nc3 d5 4. Qb3 c6 5. cxd5 Nxd5 6. e4 Nxc3 7. bxc3 Qb6 8. Qc2 Bg7 9. Be3 Qc7 10. Bd3 0-0 11. h4 h5 12. Ne2 e6 13. g4 Kh8 14. gxh5 gxh5 15. Ng3 Qa5 16. e5 c5 17. Qd1 f5 18. exf6 Rxf6 19. Qxh5+ Kg8 20. Qh7+ Kf8 21. Nh5 Qxc3+ 22. Ke2 Qb2+ 23. Kf1 1-0